| 000 | 01000pam a2200325 a 4500 | ||
|---|---|---|---|
| 999 |
_c9849 _d9849 |
||
| 001 | 9849 | ||
| 003 | BD-JhCC | ||
| 005 | 20180402101202.0 | ||
| 008 | 180402r19841981nyua b 001 0 eng | ||
| 020 |
_a0442235054 (pbk.) : _c$15.50 |
||
| 035 | _a(BD-JhCC)9849 | ||
| 040 |
_aDLC _cDLC _dDLC _dBD-JhCC |
||
| 041 | 0 | _aengger | |
| 050 | 0 | 0 |
_aTR858 _b.G7 1984 |
| 082 | 0 | 0 |
_a778.5/2345 _219 _bGRA 1984 |
| 245 | 0 | 0 |
_aGraphics in motion : _bfrom the special effects film to holographics / _c[edited by] John Halas. |
| 260 |
_aNew York : _bVan Nostrand Reinhold, _c1984. |
||
| 300 |
_a190 p. : _bill. ; _c23 cm. |
||
| 500 | _aEnglish and German. | ||
| 500 | _aReprint. Originally published: München : Bruckmann, 1981. | ||
| 500 | _aIncludes index. | ||
| 504 | _aBibliography: p. 185-186. | ||
| 650 | 0 |
_aCinematography _xSpecial effects. |
|
| 650 | 0 | _aComputer graphics. | |
| 650 | 0 | _aTelevision graphics. | |
| 650 | 0 | _aHolography. | |
| 700 | 1 | _aHalas, John. | |
| 942 |
_2ddc _cBK |
||